000 00348 a2200109 4500
001 ART_10483
005 20260410161848.0
008 260409a
245 1 0 _aUn modelo multisectorial computable para la economía argentina
100 1 _aSturzenegger, Adolfo
773 0 _tEconómica
_g- Año XXII, Nº 1 (ene./abr.1976)
_wREV7541
999 _c24774
_d24774